Analýza konkurencieschopnosti slovenského spracovateľského priemyslu
Nový pohľad na klasickú a neoklasickú komparatívnu výhodu. Problematika konkurencieschopnosti priemyslu. Ukazovatele a indikátory konkurencieschopnosti na úrovni odvetvia. Konkurencieschopnosť spracovateľského priemyslu SR hodnotená ukazovateľom RCA a Michaleyho indexom. Kokurencieschopnosť analyz...
Saved in:
| Main Author: | |
|---|---|
| Other Authors: | |
| Format: | Book Chapter |
| Language: | Slovak |
| Subjects: | |
| Tags: |
No Tags, Be the first to tag this record!
|
MARC
| LEADER | 00000naa$a2200000$$$4500 | ||
|---|---|---|---|
| 001 | 0064355 | ||
| 005 | 20240502083154.9 | ||
| 041 | 0 | |a slo | |
| 044 | |a CZ | ||
| 245 | 1 | 0 | |a Analýza konkurencieschopnosti slovenského spracovateľského priemyslu |c Viktória Bobáková, Jaroslava Hečková |
| 520 | |a Nový pohľad na klasickú a neoklasickú komparatívnu výhodu. Problematika konkurencieschopnosti priemyslu. Ukazovatele a indikátory konkurencieschopnosti na úrovni odvetvia. Konkurencieschopnosť spracovateľského priemyslu SR hodnotená ukazovateľom RCA a Michaleyho indexom. Kokurencieschopnosť analyzovaná metódou segmentácie trhov. | ||
| 610 | 2 | 0 | |a Slovensko |
| 610 | 2 | 0 | |a výhody komparatívne |
| 610 | 2 | 0 | |a analýza ekonomická |
| 610 | 2 | 0 | |a priemysel spracovateľský |
| 610 | 2 | 0 | |a konkurencieschopnosť |
| 100 | 1 | |a Bobáková, Viktória | |
| 700 | 1 | |a Hečková, Jaroslava | |